| 000 | 00389pab a2200145 454500 | ||
|---|---|---|---|
| 008 | 180718b2005 xxu||||| |||| 00| 0 eng d | ||
| 100 | _aO'Callaghan, Evelyn | ||
| 245 | _aViews and visions: layered landscapes in West Indian migrant narratives | ||
| 260 | _c2005 | ||
| 300 | _ap.487-95. | ||
| 650 | _aMigration | ||
| 650 | _aMigrants | ||
| 773 | _aThird World Quarterly | ||
| 909 | _a65312 | ||
| 999 |
_c65312 _d65312 |
||